Welcome to WEB OPAC of MRSPTU Central Library

Financial decision making (Record no. 5935)

MARC details
000 -LEADER
fixed length control field 00459nam a2200169Ia 4500
008 - FIXED-LENGTH DATA ELEMENTS--GENERAL INFORMATION
fixed length control field 230711s9999||||xx |||||||||||||| ||und||
020 ## - INTERNATIONAL STANDARD BOOK NUMBER
International Standard Book Number 978-81-203-0603-5
041 ## - LANGUAGE CODE
Language code of text/sound track or separate title ENG
082 ## - DEWEY DECIMAL CLASSIFICATION NUMBER
Classification number 658.5
Item number HA-F
100 ## - MAIN ENTRY--PERSONAL NAME
Personal name Hampton John J
245 #0 - TITLE STATEMENT
Title Financial decision making
Remainder of title Concepts,problems and cases
250 ## - EDITION STATEMENT
Edition statement 4th Ed.
260 ## - PUBLICATION, DISTRIBUTION, ETC.
Date of publication, distribution, etc. 2003
Place of publication, distribution, etc. New Delhi
Name of publisher, distributor, etc. PHI Learning Private Limited
300 ## - PHYSICAL DESCRIPTION
Extent 550p.
650 ## - SUBJECT ADDED ENTRY--TOPICAL TERM
Topical term or geographic name entry element UNIVESITY BUSNIESS SCHOOL
942 ## - ADDED ENTRY ELEMENTS (KOHA)
Koha item type Book
Holdings
Withdrawn status Lost status Damaged status Not for loan Collection Home library Current library Date acquired Cost, normal purchase price Inventory number Total checkouts Full call number Barcode Date last seen Price effective from Koha item type Date last checked out
          MRSPTU Central Library MRSPTU Central Library   425.00 842483   658.5 HA-F 32017 08/17/2023 08/17/2023 Book  
          MRSPTU Central Library MRSPTU Central Library   425.00 842483 1 658.5 HA-F 32018 08/22/2024 08/17/2023 Book 02/03/2024
          MRSPTU Central Library MRSPTU Central Library   425.00 842483   658.5 HA-F 32019 08/17/2023 08/17/2023 Book  
          MRSPTU Central Library MRSPTU Central Library         658.5 HA-F 37937 08/17/2023 08/17/2023 Book  
          MRSPTU Central Library MRSPTU Central Library         658.5 HA-F 37938 08/17/2023 08/17/2023 Book  
          MRSPTU Central Library MRSPTU Central Library         658.5 HA-F 37939 08/17/2023 08/17/2023 Book  
          MRSPTU Central Library MRSPTU Central Library         658.5 HA-F 37940 08/17/2023 08/17/2023 Book  
          MRSPTU Central Library MRSPTU Central Library         658.5 HA-F 37941 08/17/2023 08/17/2023 Book  
          MRSPTU Central Library MRSPTU Central Library         658.5 HA-F 37942 08/17/2023 08/17/2023 Book  
          MRSPTU Central Library MRSPTU Central Library         658.5 HA-F 37943 08/17/2023 08/17/2023 Book  
          MRSPTU Central Library MRSPTU Central Library         658.5 HA-F 37944 08/17/2023 08/17/2023 Book  
          MRSPTU Central Library MRSPTU Central Library         658.5 HA-F 37945 08/17/2023 08/17/2023 Book  
          MRSPTU Central Library MRSPTU Central Library         658.5 HA-F 37946 08/17/2023 08/17/2023 Book  
          MRSPTU Central Library MRSPTU Central Library         658.5 HA-F 37947 08/17/2023 08/17/2023 Book  
          MRSPTU Central Library MRSPTU Central Library         658.5 HA-F 37948 08/17/2023 08/17/2023 Book  

Website Designed and Developed by MRSPTU Central Library Team

E-mail Id: librarian@mrsptu.ac.in